The Home Loss Payments (Prescribed Amounts) (England) Regulations 2005 (Record no. 104390)

MARC details
000 -LEADER
fixed length control field 01397cam a2200229 4500
001 - CONTROL NUMBER
control field L130190
008 - FIXED-LENGTH DATA ELEMENTS--GENERAL INFORMATION
fixed length control field 050701n2005 000 0 eng u
020 ## - INTERNATIONAL STANDARD BOOK NUMBER
International Standard Book Number 0110729773
035 ## - SYSTEM CONTROL NUMBER
System control number (Sirsi) u130190
041 ## - LANGUAGE CODE
Language code of text/sound track or separate title eng
245 #4 - TITLE STATEMENT
Title The Home Loss Payments (Prescribed Amounts) (England) Regulations 2005
260 ## - PUBLICATION, DISTRIBUTION, ETC.
Place of publication, distribution, etc. London
Name of publisher, distributor, etc. TSO
Date of publication, distribution, etc. 2005
490 ## - SERIES STATEMENT
Series statement SI
Volume/sequential designation 2005:1635
520 ## - SUMMARY, ETC.
Summary, etc. Increases the amount of home loss payments payable under s30 of the Land Compensation Act 1973 and formerly prescribed in the Home Loss Payments (Prescribed Amounts)(England) Regulations 2004. A person is entitled to a home loss payment when he is displaced from a dwelling by compulsory purchase or in the other circumstances specified in s29 of the Act as last amended by the Planning and Compulsory Purchase Act 2004. The revised amounts apply where the displacement occurs on or after 1st September 2005.
590 ## - LOCAL NOTE (RLIN)
Local note IKA190705
650 ## - SUBJECT ADDED ENTRY--TOPICAL TERM
Topical term or geographic name entry element HOME LOSS PAYMENTS (PRESCRIBED AMOUNTS) (ENGLAND) REGULATIONS 2005
650 ## - SUBJECT ADDED ENTRY--TOPICAL TERM
Topical term or geographic name entry element LAND COMPENSATION ACT 1973 S30
650 ## - SUBJECT ADDED ENTRY--TOPICAL TERM
Topical term or geographic name entry element HOME LOSS PAYMENTS (PRESCRIBED AMOUNTS) (ENGLAND) REGULATIONS 2004
690 ## - LOCAL SUBJECT ADDED ENTRY--TOPICAL TERM (OCLC, RLIN)
Topical term or geographic name as entry element ENVIRONMENTAL AND LAND CONSULTANCY-PLANNING AND DEVELOPMENT-COMPULSORY PURCHASE AND COMPENSATION
856 ## - ELECTRONIC LOCATION AND ACCESS
Uniform Resource Identifier <a href="https://www.legislation.gov.uk/uksi/2005/1635/contents/made">https://www.legislation.gov.uk/uksi/2005/1635/contents/made</a>
Public note View the Regulations free of charge at www.legislation.gov.uk...
942 ## - ADDED ENTRY ELEMENTS (KOHA)
Suppress in OPAC 0
Holdings
Withdrawn status Lost status Source of classification or shelving scheme Damaged status Not for loan Home library Current library Shelving location Date acquired Total Checkouts Full call number Barcode Date last seen Copy number Price effective from Koha item type
    Dewey Decimal Classification     Virtual Virtual Online 01/07/2005   ONLINE PUBLICATION 130190-2001 06/08/2019 1 06/08/2019 Book